000 00519nam a2200169Ia 4500
008 090122s9999 xx 000 0 und d
082 _b175
_aO155:9
100 _aशिरवाडकर
_bवि
_cवा
245 _aग्रह आणि आग्रह
260 _bअभिनव
_c1976
300 _a148
600 _aशिरवाडकर
630 _aग्रह आणि आग्रह
700 _aशिरवाडकर
730 _aग्रह आणि आग्रह
942 _cBOOK
999 _c24253
_d24253